Erfolgreichste Filme von Regisseurinnen in Deutschland - Statistiken

Allgemein
  • Dieses Quiz wurde 18 mal gespielt
  • Das Durchschnittsergebnis liegt bei 4 aus 20
Antwortstatistiken
Zuschauer Jahr Regisseurin Genre Film % Korrekt
6.001.204 2023 Greta Gerwig Fantasy,Komödie Barbie
87%
5.213.458 1985 Doris Dörrie Komödie Männer
73%
6.485.251 2001 Nancy Meyers Liebesfilm, Komödie Was Frauen wollen
27%
2.266.072 2004 Beeban Kidron Liebesfilm, Komödie Bridget Jones – Am Rande des Wahnsinns
20%
4.290.812 2001 Sharon Maguire Liebesfilm, Komödie Bridget Jones – Schokolade zum Frühstück
20%
3.087.424 1998 Mimi Leder Katastrophenfilm Deep Impact
20%
3.879.474 2018 Caroline Link Biografie,Komödie Der Junge muss an die frische Luft
20%
6.785.844 2019 Jennifer Lee(mit Chris Buck) Fantasy,Animation Die Eiskönigin II
20%
3.530.164 1988 Doris Dörrie Komödie Ich und Er
20%
5.288.722 1990 Amy Heckerling Liebesfilm, Komödie Kuck mal, wer da spricht!
20%
2.587.516 1991 Amy Heckerling Liebesfilm,Komödie Kuck mal, wer da spricht 2
20%
2.241.989 2005 Hermine Huntgeburth Biografie,Drama Die weiße Massai
13%
4.300.124 2008 Phyllida Lloyd Musical,Komödie Mamma Mia!
13%
3.001.961 2009 Catherine Hardwicke Fantasy,Liebesfilm Twilight – Biss zum Morgengrauen
13%
2.832.215 2002 Dana Ledoux Miller(mit David Derrick, Jr. & Jason Hand) Abenteuer,Animation Vaiana 2
13%
3.008.449 2003 Nancy Meyers Liebesfilm, Komödie Was das Herz begehrt
13%
6.500.000(geschätzt) 1968 May Spils Komödie Zur Sache, Schätzchen
13%
3.945.619 1998 Betty Thomas Fantasy,Komödie Dr. Dolittle
7%
2.368.602 2016 Thea Sharrock Liebesfilm,Drama Ein ganzes halbes Jahr
7%
3.640.183 2001 Vicky Jenson(mit Andrew Adamson) Fantasy,Animation Shrek – Der tollkühne Held
7%
Keine übereinstimmenden Quizze gefunden
Verteilung der Resultate
Anzahl Personen mit jedem Resultat
Perzentil nach korrekt beantworteten Fragen
Ihre Resultats-Entwicklung
Sie haben dieses Quiz noch nicht gespielt